| 000 | 00569nam a2200193Ia 4500 | ||
|---|---|---|---|
| 005 | 20260429112326.0 | ||
| 008 | 260429s9999||||xx |||||||||||||| ||und|| | ||
| 020 | _a9789393603388 | ||
| 041 | _aHindi | ||
| 082 |
_a891.433 _bPRE |
||
| 100 | _aप्रेमचंद | ||
| 245 | 0 |
_aईदगाह : _bमानसरोवर / _cप्रेमचंद |
|
| 250 | _a0 | ||
| 260 |
_aप्रयागराज : _bलोकभारती प्रकाशन, _c2024. |
||
| 300 | _a215 p.; Hb | ||
| 440 | _vखंड- 1 | ||
| 650 | _aStories | ||
| 942 | _cTB | ||
| 999 |
_c53502 _d53502 |
||